000 00251nam a2200097Ia 4500
001 703252
005 20250826162348.0
008 250824s9999 xx 000 0 und d
245 0 _aNEHİRDEKİ SANDIK
_cAHMET YILMAZ BOYUNAĞA
260 _bTİMAŞ YAYINLARI
999 _c703252
_d703252